000 00310pab a2200133 454500
008 180718b1986 xxu||||| |||| 00| 0 eng d
245 _aSpecial issue on focus on public sector
260 _c1986
300 _a4-28
362 _a16 Sept.
650 _aGovernment Enterprise
773 _aYojana
909 _a9196
999 _c9196
_d9196